00469nam a22001217a 4500008004100000082002200041245011100063260003700174300001000211942001200221999001300233952010100246230609b xxu||||| |||| 00| 0 eng d a354.62007232bGOK a Public Accounts Committee on the Government of Kenya Accounts for the Year 2003/2004cGovernment of Kenya aKenyabGovernment of Kenyac2004 a624 p 2ddccBK c927d927 00102ddc4070a001b001d2023-06-09l0o354.62007232 GOKp10014926r2023-06-09w2023-06-09yBK